<?xml version='1.0' encoding='UTF-8'?>
  <record xmlns="http://www.loc.gov/MARC21/slim">
    <leader>00000cam a2200000 i 4500</leader>
    <controlfield tag="001">ocm27670293</controlfield>
    <controlfield tag="003">OCoLC</controlfield>
    <controlfield tag="005">20250612183450.9</controlfield>
    <controlfield tag="008">930305r1858uuuugw af         000 0 ger d</controlfield>
    <datafield tag="040" ind1=" " ind2=" ">
      <subfield code="a">BUQ</subfield>
      <subfield code="b">eng</subfield>
      <subfield code="c">BUQ</subfield>
      <subfield code="d">OCLCG</subfield>
      <subfield code="d">YUS</subfield>
      <subfield code="d">DEBBG</subfield>
      <subfield code="d">OCLCQ</subfield>
      <subfield code="d">OCLCO</subfield>
      <subfield code="d">OCLCF</subfield>
      <subfield code="d">OCLCA</subfield>
      <subfield code="d">OCLCQ</subfield>
      <subfield code="d">QGJ</subfield>
      <subfield code="d">OCLCQ</subfield>
      <subfield code="d">OCLCO</subfield>
      <subfield code="d">OCLCL</subfield>
    </datafield>
    <datafield tag="029" ind1="1" ind2=" ">
      <subfield code="a">AU@</subfield>
      <subfield code="b">000047387645</subfield>
    </datafield>
    <datafield tag="029" ind1="1" ind2=" ">
      <subfield code="a">DEBBG</subfield>
      <subfield code="b">BV039857594</subfield>
    </datafield>
    <datafield tag="029" ind1="1" ind2=" ">
      <subfield code="a">NLGGC</subfield>
      <subfield code="b">216930650</subfield>
    </datafield>
    <datafield tag="029" ind1="1" ind2=" ">
      <subfield code="a">ZWZ</subfield>
      <subfield code="b">016592131</subfield>
    </datafield>
    <datafield tag="035" ind1=" " ind2=" ">
      <subfield code="a">(OCoLC)27670293</subfield>
    </datafield>
    <datafield tag="043" ind1=" " ind2=" ">
      <subfield code="a">e-gx---</subfield>
    </datafield>
    <datafield tag="082" ind1="0" ind2="4">
      <subfield code="a">561</subfield>
      <subfield code="1">https://id.oclc.org/worldcat/ddc/E3FMwVBdD3d78BXtrbKd98RV97</subfield>
    </datafield>
    <datafield tag="100" ind1="1" ind2=" ">
      <subfield code="a">Geinitz, Hanns Bruno,</subfield>
      <subfield code="d">1814-1900.</subfield>
      <subfield code="1">https://id.oclc.org/worldcat/entity/E39PBJk4BD9gGMtKf7g6fQhrbd</subfield>
    </datafield>
    <datafield tag="245" ind1="1" ind2="4">
      <subfield code="a">Die Leitpflanzen des Rothliegenden und des Zechsteingebirges oder der permischen Formation in Sachsen /</subfield>
      <subfield code="c">von Hanns Bruno Geinitz.</subfield>
    </datafield>
    <datafield tag="260" ind1=" " ind2=" ">
      <subfield code="a">Leipzig :</subfield>
      <subfield code="b">Engelmann,</subfield>
      <subfield code="c">1858.</subfield>
    </datafield>
    <datafield tag="300" ind1=" " ind2=" ">
      <subfield code="a">27 pages, 1 unnumbered page, 2 leaves of plates :</subfield>
      <subfield code="b">illustrations ;</subfield>
      <subfield code="c">28 cm</subfield>
    </datafield>
    <datafield tag="336" ind1=" " ind2=" ">
      <subfield code="a">text</subfield>
      <subfield code="b">txt</subfield>
      <subfield code="2">rdacontent</subfield>
    </datafield>
    <datafield tag="337" ind1=" " ind2=" ">
      <subfield code="a">unmediated</subfield>
      <subfield code="b">n</subfield>
      <subfield code="2">rdamedia</subfield>
    </datafield>
    <datafield tag="338" ind1=" " ind2=" ">
      <subfield code="a">volume</subfield>
      <subfield code="b">nc</subfield>
      <subfield code="2">rdacarrier</subfield>
    </datafield>
    <datafield tag="500" ind1=" " ind2=" ">
      <subfield code="a">Offprint from: Osterprogramm der Königl. polytechnischen Schule zu Dresden.</subfield>
    </datafield>
    <datafield tag="650" ind1=" " ind2="0">
      <subfield code="a">Paleobotany</subfield>
      <subfield code="y">Permian.</subfield>
    </datafield>
    <datafield tag="650" ind1=" " ind2="0">
      <subfield code="a">Paleobotany</subfield>
      <subfield code="z">Germany</subfield>
      <subfield code="z">Saxony.</subfield>
    </datafield>
    <datafield tag="650" ind1=" " ind2="6">
      <subfield code="a">Paléobotanique</subfield>
      <subfield code="y">Permien.</subfield>
    </datafield>
    <datafield tag="650" ind1=" " ind2="6">
      <subfield code="a">Paléobotanique</subfield>
      <subfield code="z">Allemagne</subfield>
      <subfield code="z">Saxe.</subfield>
    </datafield>
    <datafield tag="650" ind1=" " ind2="7">
      <subfield code="a">Paleobotany.</subfield>
      <subfield code="2">fast</subfield>
      <subfield code="0">(OCoLC)fst01051324</subfield>
    </datafield>
    <datafield tag="650" ind1=" " ind2="7">
      <subfield code="a">Permian Geologic Period.</subfield>
      <subfield code="2">fast</subfield>
      <subfield code="0">(OCoLC)fst01353971</subfield>
    </datafield>
    <datafield tag="651" ind1=" " ind2="7">
      <subfield code="a">Germany</subfield>
      <subfield code="z">Saxony.</subfield>
      <subfield code="2">fast</subfield>
      <subfield code="0">(OCoLC)fst01233658</subfield>
      <subfield code="1">https://id.oclc.org/worldcat/entity/E39PBJxrRTK7BBrjRGC6Hpvfv3</subfield>
    </datafield>
    <datafield tag="648" ind1=" " ind2="7">
      <subfield code="a">From 230 to 280 million years ago</subfield>
      <subfield code="2">fast</subfield>
    </datafield>
    <datafield tag="710" ind1="1" ind2=" ">
      <subfield code="a">Dresden.</subfield>
      <subfield code="b">K. Polytechnische Schule.</subfield>
    </datafield>
    <datafield tag="758" ind1=" " ind2=" ">
      <subfield code="i">has work:</subfield>
      <subfield code="a">Die Leitpflanzen des Rothliegenden und des Zechsteingebirges oder der permischen Formation in Sachsen (Text)</subfield>
      <subfield code="1">https://id.oclc.org/worldcat/entity/E39PCGk49dQcgq3qV8gbtWKgjy</subfield>
      <subfield code="4">https://id.oclc.org/worldcat/ontology/hasWork</subfield>
    </datafield>
    <datafield tag="776" ind1="0" ind2="8">
      <subfield code="i">Online version:</subfield>
      <subfield code="a">Geinitz, Hanns Bruno, 1814-1900.</subfield>
      <subfield code="t">Leitpflanzen des Rothliegenden und des Zechsteingebirges oder der permischen Formation in Sachsen.</subfield>
      <subfield code="d">Leipzig, Engelmann, 1858</subfield>
      <subfield code="w">(OCoLC)551283865</subfield>
    </datafield>
  </record>